Guarding your business : a management approach to security /
Guarding Your Business outlines the organizational elements that must be in place to protect the information and physical assets of typical businesses and organizations. The book recognizes the need for an architecture integrated within the organizational environment for systematic protection. Such...
| Corporate Authors: | , |
|---|---|
| Other Authors: | , , |
| Format: | Conference Proceeding eBook |
| Language: | English |
| Published: |
New York :
Kluwer Academic/Plenum,
2004.
|
| Subjects: | |
| Online Access: | Connect to the full text of this electronic book Connect to the full text of this electronic book |
MARC
| Tag | First Indicator | Second Indicator | Subfields |
|---|---|---|---|
| LEADER | 00000cam a22000004a 4500 | ||
| 001 | in00002040121 | ||
| 005 | 20190326102644.0 | ||
| 006 | m o d | ||
| 007 | cr cnu|||unuuu | ||
| 008 | 040603s2004 nyua ob 101 0 eng d | ||
| 019 | |a 70740573 |a 144560084 |a 474871750 |a 481610037 |a 559918038 |a 646737953 |a 722389049 |a 728034585 | ||
| 020 | |a 0306486385 |q (electronic bk.) | ||
| 020 | |a 9780306486388 |q (electronic bk.) | ||
| 020 | |a 9780306484940 | ||
| 020 | |a 0306484943 | ||
| 035 | |a (OCoLC)ocm55537711 | ||
| 035 | |a (OCoLC)55537711 | ||
| 035 | |a (OCoLC)55537711 |z (OCoLC)70740573 |z (OCoLC)144560084 |z (OCoLC)474871750 |z (OCoLC)481610037 |z (OCoLC)559918038 |z (OCoLC)646737953 |z (OCoLC)722389049 |z (OCoLC)728034585 | ||
| 040 | |a N$T |b eng |e pn |c N$T |d OCLCQ |d YDXCP |d OCLCG |d OCLCQ |d HNW |d OCLCA |d OCLCQ |d HNW |d TUU |d OCLCQ |d TULIB |d OCLCQ |d E7B |d GW5XE |d OCLCF |d DKDLA |d OCLCO |d OCLCQ |d MERUC |d CCO |d REDDC |d BTCTA |d CNMTR |d FVL |d UtOrBLW | ||
| 043 | |a n-us--- | ||
| 049 | |a TXAM | ||
| 050 | 4 | |a HD30.38 |b .M325 2002eb | |
| 072 | 7 | |a BUS |x 097000 |2 bisacsh | |
| 072 | 7 | |a BUS |x 104000 |2 bisacsh | |
| 072 | 7 | |a BUS |x 071000 |2 bisacsh | |
| 072 | 7 | |a BUS |x 103000 |2 bisacsh | |
| 082 | 0 | 4 | |a 658.4/78 |2 22 |
| 111 | 2 | |a Management of Technology Symposium |d (2002 : |c Stevens Institute of Technology) | |
| 245 | 1 | 0 | |a Guarding your business : |b a management approach to security / |c edited by Sumit Ghosh, Manu Malek and Edward A. Stohr. |
| 264 | 1 | |a New York : |b Kluwer Academic/Plenum, |c 2004. | |
| 300 | |a 1 online resource (xiv, 252 pages) : |b illustrations | ||
| 336 | |a text |b txt |2 rdacontent | ||
| 337 | |a computer |b c |2 rdamedia | ||
| 338 | |a online resource |b cr |2 rdacarrier | ||
| 500 | |a "Proceedings of the Management of Technology (MOT) Symposium held at Stevens Institute of Technology during October 22-24, 2002"--Intord. | ||
| 504 | |a Includes bibliographical references and index. | ||
| 588 | 0 | |a Print version record. | |
| 505 | 0 | |a Security Principles for Managers -- The Fundamental Nature of Network Security -- Computer Security: Sophisticated Enemies -- Digital Pearl Harbor: A Case Study in Industry Vulnerability to Cyber Attack -- Cybercrime and the Law: Balancing Privacy against the Need for Security -- Some Security Issues and Concerns in the Financial Services Industry -- Security and Insecurity of Wireless Networks -- Securing Business's Front Door: Password, Token and Biometric Authentication -- Managing Information Security Risks across the Enterprise -- Automatic Security Policy Management in Modern Networks: A New Approach to Security -- The Internal Revenue Service's Mission Assurance Program -- Organizing for Security -- About the Editors -- Index. | |
| 520 | |a Guarding Your Business outlines the organizational elements that must be in place to protect the information and physical assets of typical businesses and organizations. The book recognizes the need for an architecture integrated within the organizational environment for systematic protection. Such an architecture is offered along with the building blocks to make organizations resistant to human error and resilient under physical attack or natural disaster. The book addresses risk assessment, determination of quality-of-service levels that balance safety versus cost, security versus privacy, determination of access rights to data and software, and a security-conscious culture in the organization. Questions answered by experts from academia and industry include: How can one organize for security? What organizational structures, policies, and procedures must be in place? What legal and privacy issues must be addressed? | ||
| 500 | |a Electronic resource. | ||
| 650 | 0 | |a Business enterprises |x Computer networks |x Security measures |v Congresses. | |
| 650 | 0 | |a Electronic commerce |x Security measures |v Congresses. | |
| 650 | 0 | |a Computer networks |x Security measures |v Congresses. | |
| 650 | 0 | |a Computer security |v Congresses. | |
| 650 | 0 | |a Data protection |v Congresses. | |
| 650 | 0 | |a Business enterprises |x Computer networks |x Security measures |z United States |v Congresses. | |
| 650 | 0 | |a Electronic commerce |x Security measures |z United States |v Congresses. | |
| 650 | 0 | |a Computer networks |x Security measures |z United States |v Congresses. | |
| 650 | 0 | |a Computer security |z United States |v Congresses. | |
| 650 | 0 | |a Data protection |z United States |v Congresses. | |
| 650 | 4 | |a Business enterprises |x Computer networks |x Security measure |v Congresses. | |
| 650 | 4 | |a Electronic commerce |x Security measures |v Congresses. | |
| 650 | 4 | |a Computer networks |x Security measures |v Congresses. | |
| 650 | 4 | |a Computer security |v Congresses. | |
| 650 | 4 | |a Data protection |v Congresses. | |
| 650 | 4 | |a Business enterprises |x Computer networks |x Security measures |z United States |v Congresses. | |
| 650 | 4 | |a Electronic commerce |x Security measures |z United States |v Congresses. | |
| 650 | 4 | |a Computer networks |x Security measures |z United States |v Congresses. | |
| 650 | 4 | |a Computer security |z United States |v Congresses. | |
| 650 | 4 | |a Data protection |z United States |v Congresses. | |
| 650 | 7 | |a BUSINESS & ECONOMICS |x Workplace Culture. |2 bisacsh | |
| 650 | 7 | |a BUSINESS & ECONOMICS |x Corporate Governance. |2 bisacsh | |
| 650 | 7 | |a BUSINESS & ECONOMICS |x Leadership. |2 bisacsh | |
| 650 | 7 | |a BUSINESS & ECONOMICS |x Organizational Development. |2 bisacsh | |
| 650 | 7 | |a Business enterprises |x Computer networks |x Security measures. |2 fast |0 (OCoLC)fst00842535 | |
| 650 | 7 | |a Computer networks |x Security measures. |2 fast |0 (OCoLC)fst00872341 | |
| 650 | 7 | |a Computer security. |2 fast |0 (OCoLC)fst00872484 | |
| 650 | 7 | |a Data protection. |2 fast |0 (OCoLC)fst00887958 | |
| 650 | 7 | |a Electronic commerce |x Security measures. |2 fast |0 (OCoLC)fst00906919 | |
| 651 | 7 | |a United States. |2 fast |0 (OCoLC)fst01204155 | |
| 655 | 7 | |a Electronic books. |2 local | |
| 655 | 7 | |a Conference proceedings. |2 fast |0 (OCoLC)fst01423772 | |
| 700 | 1 | |a Ghosh, Sumit, |d 1958- | |
| 700 | 1 | |a Malek-Zavarei, Manu. | |
| 700 | 1 | |a Stohr, Edward A., |d 1936- | |
| 710 | 2 | |a SpringerLink (Online service) | |
| 776 | 1 | 8 | |i Print version: |a Management of Technology Symposium (2002 : Stevens Institute of Technology). |t Guarding your business. |d New York : Kluwer Academic/Plenum, 2004 |z 0306484943 |w (DLC) 2004044179 |w (OCoLC)54392281 |
| 856 | 4 | 0 | |u http://proxy.library.tamu.edu/login?url=http://link.springer.com/10.1007/b105306 |z Connect to the full text of this electronic book |t 0 |
| 856 | 4 | 0 | |u http://proxy.library.tamu.edu/login?url=http://www.netLibrary.com/urlapi.asp?action=summary&v=1&bookid=109032 |z Connect to the full text of this electronic book |t 0 |
| 994 | |a 92 |b TXA | ||
| 999 | |a MARS | ||
| 999 | f | f | |s 360436ca-4ba0-3d17-8363-a10263ef5d98 |i 7cd56133-539c-3656-b454-175dad39e8dd |t 0 |
| 952 | f | f | |a Texas A&M University |b College Station |c Electronic Resources |d Available Online |t 0 |e HD30.38 .M325 2002eb |h Library of Congress classification |
| 998 | f | f | |a HD30.38 .M325 2002eb |t 0 |l Available Online |